<?xml version="1.0" encoding="UTF-8"?>
<record
    xmlns:xsi="http://www.w3.org/2001/XMLSchema-instance"
    xsi:schemaLocation="http://www.loc.gov/MARC21/slim http://www.loc.gov/standards/marcxml/schema/MARC21slim.xsd"
    xmlns="http://www.loc.gov/MARC21/slim">

  <leader>02163nam a22002297a 4500</leader>
  <controlfield tag="005">20250506122207.0</controlfield>
  <controlfield tag="008">250428b        |||||||| |||| 00| 0 eng d</controlfield>
  <datafield tag="020" ind1=" " ind2=" ">
    <subfield code="a">9351610624</subfield>
  </datafield>
  <datafield tag="040" ind1=" " ind2=" ">
    <subfield code="c">AIMIT LIBRARY</subfield>
  </datafield>
  <datafield tag="082" ind1=" " ind2=" ">
    <subfield code="2">1</subfield>
    <subfield code="a">651.7</subfield>
    <subfield code="b">GUPC</subfield>
  </datafield>
  <datafield tag="100" ind1=" " ind2=" ">
    <subfield code="a">Gupta, C B.</subfield>
    <subfield code="9">208963</subfield>
  </datafield>
  <datafield tag="245" ind1=" " ind2=" ">
    <subfield code="a">Basic business communication /</subfield>
    <subfield code="c">By C B Gupta.</subfield>
  </datafield>
  <datafield tag="250" ind1=" " ind2=" ">
    <subfield code="a">1st ed.</subfield>
  </datafield>
  <datafield tag="260" ind1=" " ind2=" ">
    <subfield code="a">New Delhi :</subfield>
    <subfield code="b">Sultan Chand &amp; Sons ,</subfield>
    <subfield code="c">2016.</subfield>
  </datafield>
  <datafield tag="300" ind1=" " ind2=" ">
    <subfield code="a">xiv,19.29p. ;</subfield>
    <subfield code="b">PB</subfield>
    <subfield code="c">24.5 cm</subfield>
  </datafield>
  <datafield tag="500" ind1=" " ind2=" ">
    <subfield code="a">Some of the salient features of the book are as follows :
Full coverage of the prescribed syllabus
Lucid, simple and conversational language
Tables and diagrams to illustrate the text
Summary at the end of every chapter for quick revision
Chapter Outline at the beginning of every chapter to indicate at a glance the topics covered in the chapter
Test Questions at the end of every chapter for self-examination
Model Test Papers for self-examination
Question Papers of B.Com. (Hons.)
Examinations.</subfield>
  </datafield>
  <datafield tag="505" ind1=" " ind2=" ">
    <subfield code="a">
Contents:

Part I&#x2014;Introduction to Business Communication
Nature, Process and Importance of Communication
Formal and Informal Channels of Communication
Dimensions or Directions of Communication
Media and Types of Communication (Oral and Written Communication)
Non-verbal Communication
Barriers to Communication
Guidelines for Effective Communication
 
Part II&#x2014;Effective Writing
Guidelines for Clear Writing
References, Bibliographical and Research Tools
 
Part III&#x2014;Report Writing
Writing a Project Report
Writing Reports on Field Work/Visits to Industries, Business Concerns/Business Negotiations
Summarising Annual Reports of Companies
 
Part IV&#x2014;Minutes and E-Correspondence
Writing Notifications, Agenda, Minutes of Meeting and Press Release
Business Correspondence and Electronic Mail
 
Part V&#x2014;Spoken English and Presentation
Spoken English for Business Communication
Making Oral Presentations
Bibliography
Model Test Papers
Examination Question Papers</subfield>
  </datafield>
  <datafield tag="650" ind1=" " ind2=" ">
    <subfield code="a">Effective writing</subfield>
    <subfield code="9">208964</subfield>
  </datafield>
  <datafield tag="650" ind1=" " ind2=" ">
    <subfield code="a">Minutes and e-correspondence</subfield>
    <subfield code="9">208965</subfield>
  </datafield>
  <datafield tag="650" ind1=" " ind2=" ">
    <subfield code="a">Effective writing</subfield>
    <subfield code="9">208964</subfield>
  </datafield>
  <datafield tag="942" ind1=" " ind2=" ">
    <subfield code="2">ddc</subfield>
    <subfield code="c">BK</subfield>
    <subfield code="e">1st</subfield>
    <subfield code="k">651.7 GUPC</subfield>
  </datafield>
  <datafield tag="999" ind1=" " ind2=" ">
    <subfield code="c">234251</subfield>
    <subfield code="d">234251</subfield>
  </datafield>
  <datafield tag="952" ind1=" " ind2=" ">
    <subfield code="0">0</subfield>
    <subfield code="1">0</subfield>
    <subfield code="2">ddc</subfield>
    <subfield code="4">0</subfield>
    <subfield code="7">0</subfield>
    <subfield code="8">MBA</subfield>
    <subfield code="a">AIMIT</subfield>
    <subfield code="b">AIMIT</subfield>
    <subfield code="c">BC</subfield>
    <subfield code="d">2025-03-14</subfield>
    <subfield code="e">Biblios Book Point</subfield>
    <subfield code="g">300.00</subfield>
    <subfield code="i">Bill.no:7467; Bill.dt:2025/03/11</subfield>
    <subfield code="l">0</subfield>
    <subfield code="o">651.7 GUPC</subfield>
    <subfield code="p">MBA14998</subfield>
    <subfield code="r">2026-05-23 00:00:00</subfield>
    <subfield code="v">255.00</subfield>
    <subfield code="w">2025-04-28</subfield>
    <subfield code="y">BK</subfield>
  </datafield>
  <datafield tag="952" ind1=" " ind2=" ">
    <subfield code="0">0</subfield>
    <subfield code="1">0</subfield>
    <subfield code="2">ddc</subfield>
    <subfield code="4">0</subfield>
    <subfield code="7">0</subfield>
    <subfield code="8">MBA</subfield>
    <subfield code="a">AIMIT</subfield>
    <subfield code="b">AIMIT</subfield>
    <subfield code="c">BC</subfield>
    <subfield code="d">2025-03-14</subfield>
    <subfield code="e">Biblios Book Point</subfield>
    <subfield code="g">300.00</subfield>
    <subfield code="i">Bill.no:7467; Bill.dt:2025/03/11</subfield>
    <subfield code="l">0</subfield>
    <subfield code="o">651.7 GUPC</subfield>
    <subfield code="p">MBA14999</subfield>
    <subfield code="r">2026-05-23 00:00:00</subfield>
    <subfield code="v">255.00</subfield>
    <subfield code="w">2025-04-28</subfield>
    <subfield code="y">BK</subfield>
  </datafield>
</record>
